Cross-cutting issues of pesticides and hazard free management of brinjal shoot and fruit borer in bangladesh / (Record no. 16914)

MARC details
000 -LEADER
fixed length control field 01031nam a22002657a 4500
003 - CONTROL NUMBER IDENTIFIER
control field BD-DhSAU
005 - DATE AND TIME OF LATEST TRANSACTION
control field 20230711122732.0
008 - FIXED-LENGTH DATA ELEMENTS--GENERAL INFORMATION
fixed length control field 150612b2021 bg ad||| m||| 00| 0 eng d
040 ## - CATALOGING SOURCE
Original cataloging agency BD-DhSAU
082 ## - DEWEY DECIMAL CLASSIFICATION NUMBER
Edition number 22
Classification number 595.7
Item number Sa191
100 ## - MAIN ENTRY--PERSONAL NAME
Personal name SAHA, SUMON
Relator code Registration No # 07-02316
245 ## - TITLE STATEMENT
Title Cross-cutting issues of pesticides and hazard free management of brinjal shoot and fruit borer in bangladesh /
Remainder of title Ph.D. Thesis
260 ## - PUBLICATION, DISTRIBUTION, ETC. (IMPRINT)
Place of publication, distribution, etc. Sher-e-Bangla Agricultural University:
Name of publisher, distributor, etc. Department of Entomology,
Date of publication, distribution, etc. 2020,
300 ## - PHYSICAL DESCRIPTION
Extent xvi, 228p. :
Other physical details ill. ;
Dimensions 30 cm.
500 ## - GENERAL NOTE
General note Ph.D. thesis <br/>
504 ## - BIBLIOGRAPHY, ETC. NOTE
Bibliography, etc Includes bibliographical reference.
590 ## - Name of Cataloguer
Name of Cataloger Nazmul
650 ## - SUBJECT ADDED ENTRY--TOPICAL TERM
Topical term or geographic name as entry element Cross-cutting issues
650 ## - SUBJECT ADDED ENTRY--TOPICAL TERM
Topical term or geographic name as entry element pesticides and hazard free management
651 ## - SUBJECT ADDED ENTRY--GEOGRAPHIC NAME
Geographic name brinjal shoot and fruit borer in bangladesh
700 ## - ADDED ENTRY--PERSONAL NAME
Personal name Prof. Dr. Md. Razzab Ali
Relator term Chairman
710 ## - ADDED ENTRY--CORPORATE NAME
Relator code Prof. Dr. Md. Abdul Latif
Corporate name or jurisdiction name as entry element Member
856 ## - ELECTRONIC LOCATION AND ACCESS
Uniform Resource Identifier <a href="http://archive.saulibrary.edu.bd:8080/xmlui/handle/123456789/4924">http://archive.saulibrary.edu.bd:8080/xmlui/handle/123456789/4924</a>
942 ## - ADDED ENTRY ELEMENTS (KOHA)
Source of classification or shelving scheme Dewey Decimal Classification
Koha item type PhD Thesis
Holdings
Withdrawn status Lost status Source of classification or shelving scheme Damaged status Not for loan Collection code Coded location qualifier Home library Branch Name Date acquired Coded location qualifier Cost, normal purchase price Total Checkouts Full call number Barcode Date last seen Price effective from Koha item type
    Dewey Decimal Classification   Not For Loan Reference | SAU Library SAU Library 11/07/2023 | 1425.00   595.7 Sa191 44602 11/07/2023 11/07/2023 PhD Thesis